Loading...

Conserving soil

Bibliographic Details
Main Author: Butler, M.D
Format: Printed Book
Language:Undetermined
English
Published: New York Van Nostrand Reinhold Company 302
Subjects:
LEADER 00572nam a2200181Ia 4500
008 140306s9999 xx 000 0 und d
041 |a eng 
082 |a 631.4  |b BUT/CO 
100 |a Butler, M.D 
245 |a Conserving soil 
260 |a New York  |b Van Nostrand Reinhold Company  |c 302 
300 |a 321 
365 |b Rs.80 
650 |a Agricultural chemistry 
650 |a Soil science 
942 |2 ddc  |c BK 
999 |c 121657  |d 121657 
952 |0 0  |1 0  |2 ddc  |4 0  |6 631_400000000000000_BUTCO  |7 0  |9 121043  |a KAUHCV  |b KAUHCV  |d 2004-05-12  |g 80.00  |o 631.4 BUT/CO  |p KAU_HCV-541  |r 2014-03-22  |w 2014-03-22  |y BK